Guilty Gear - All Playable Characters - Statistics

General Stats
  • This quiz has been taken 135 times
  • The average score is 36 of 45
Answer Stats
Answer % Correct
Ky Kiske
98%
Order-Sol
98%
Sol Badguy
98%
Robo-Ky
96%
Ramlethal Valentine
93%
Bridget
92%
Dr. Baldhead/Faust
92%
Elphelt Valentine
92%
May
92%
Baiken
90%
Potemkin
90%
Happy Chaos
89%
Jack-O' Valentine
89%
Bedman
88%
Bedman?
88%
Millia Rage
87%
Testament
87%
Asuka R. Kreutz
86%
Giovanna
86%
Johnny
86%
Sin Kiske
86%
Slayer
86%
Venom
86%
Lucy
84%
Zato-1
83%
Axl Low
82%
Goldlewis Dickinson
82%
Chipp Zanuff
81%
Dizzy
81%
A.B.A.
80%
I-No
80%
Justice
77%
Unika
77%
Nagoriyuki
76%
Anji Mito
75%
Jam Kuradoberi
75%
Leo Whitefang
75%
Valentine
66%
Kum Haehyun
64%
Answer
63%
Raven
60%
Kliff Undersn
58%
Zappa
58%
Dr. Paradigm
35%
Izuna
33%
No matching quizzes found
Score Distribution
Percent of People with Each Score
Percentile by Number Answered
Your Score History
You have not taken this quiz